Počítačový model vlivu vybraných výrob na znečišťování ovzduší

Uložené v:
Podrobná bibliografia
Hlavný autor: Šlachta, Emil
Ďalší autori: Hájek, Stanislav, Sudzina, Vlado
Médium: Kniha
Jazyk:Czech
Vydavateľské údaje: Praha Inst. říz. 1988
Vydanie:1. vyd.
Edícia:Řada IŘ
Tagy: Pridať tag
Žiadne tagy, Buďte prvý, kto otaguje tento záznam!

MARC

LEADER 00000nam a2200000 4500
001 c026007
005 20221219085519.0
041 0 |a cze 
044 |a CZ 
245 1 0 |a Počítačový model vlivu vybraných výrob na znečišťování ovzduší  |c Emil Šlachta, Stanislav Hájek, Vlado Sudzina 
250 |a 1. vyd. 
264 1 |a Praha  |b Inst. říz.  |c 1988 
300 |a 95 s. 
490 1 |a Řada IŘ 
830 0 |a Řada IŘ 
100 1 |a Šlachta, Emil 
700 1 |a Hájek, Stanislav 
700 1 |a Sudzina, Vlado